000 00507nam a22001697a 4500
005 20231031070034.0
008 231031b |||||||| |||| 00| 0 eng d
020 _a9780409122831
041 _aEnglish
082 _a347.6 SOU
100 _aSouthwood, BR
_lEnglish
245 _aEssential Judicial Reasoning /
_cBR Southwood
260 _aDurban :
_bLexisNexis (Pty) Ltd,
_c2015
300 _bxiii, 132 pages ;
_c25 cm.
650 _alegal practice
_bLaw
942 _cBK
_6ALISON_BN_VRIES
999 _c160
_d160